000
00317nam a22001457a 4500
008
210309b ||||| |||| 00| 0 eng d
020
_a
9780838525463
041
_a
eng
080
_2
1st
_a
616
082
_a
616
100
_a
9
101
_a
PATFIZ
245
_a
Fluid & Electrolytes
_c
Cogan, M.G
942
_2
udc
_c
BK
999
_c
56082
_d
56082